[Event "Yongchuan zt 3.3"]
[Site "Yongchuan"]
[Date "2003.07.18"]
[Round "7"]
[White "Zhang, Pengxiang"]
[Black "Bu, Xiangzhi"]
[Result "0-1"]
[WhiteElo "2567"]
[BlackElo "2588"]
[Annotator "Erenburg,S"]
[PlyCount "84"]
[EventDate "2003.07.11"]
[EventType "tourn"]
[EventRounds "11"]
[EventCountry "CHN"]
[EventCategory "12"]
[SourceTitle "CBM 097"]
[Source "ChessBase"]
[SourceDate "2003.11.11"]
[SourceVersion "1"]
[SourceVersionDate "2003.11.11"]
[SourceQuality "1"]

{[%mdl 24584]} 1. e4 c5 2. Nf3 Nc6 3. Bb5 g6 4. Bxc6 dxc6 5. d3 Bg7 {Another
theoretical line, which seems very logical, is to trade the light-squared
bishop for the knight on f3 with} (5... Bg4 {1-0 Sutovsky,E-Bar,R/Ramat Aviv/
Modiin 2000/CBM 81/[Gershon] (46)}) 6. h3 {Now white prevents the exchange on
f3. But} (6. O-O {is also possible:} Bg4 7. h3 (7. Nbd2 Nf6 8. Nc4 (8. h3 Bxf3
9. Qxf3 O-O 10. Qe2 e5 11. Nc4 Nd7 12. a4 Qe7 13. Bd2 b6 14. Bc3 Rfd8 15. Qe1
Nf8 16. f4 exf4 17. Bxg7 Kxg7 18. Rxf4 $14 {1/2-1/2 Adams,M-Gelfand,B/Dos
Hermanas 1999/CBM 71 (42)}) 8... Nd7 9. Ne3 Bxf3 10. Qxf3 Nf8 11. Rd1 Ne6 12.
c3 Qd7 13. a4 O-O 14. h4 h5 (14... Rad8 $5) 15. g4 $13 {1/2-1/2 Yudasin,
L-Kramnik,V/Moscow 1994/CBM 40 ext (65)}) 7... Bxf3 8. Qxf3 {0-1 Smirin,
I-Kramnik,V/Moscow 1995/CBM 46 ext/[Vaisser] (67)}) (6. Nbd2 Nf6 7. O-O Nd7 8.
Nc4 b6 9. h3 Nf8 10. Nh2 Ba6 11. Kh1 e5 12. b3 Ne6 13. Nf3 f6 14. Bd2 O-O $11 {
0-1 Campora,D-Kharlov,A/Malaga 1999/CBM 68 ext (30)}) {Here black has three
main plans of completing the development: 1) to develop the knight to d7 via
f6; 2) to develop it to e7 with preliminary e7-e5; 3) to f7 via h6 with
preliminary f7-f6.} 6... b6 {But first of all, black defends his c5 pawn,
saving all the options of the development.} (6... e5 {is another theoretical
line.}) ({More popular is} 6... Nf6 {See commented game 1/2-1/2 Bologan,V-Leko,
P/Dortmund 2003/CBM 97_01/[Erenburg] (19)}) 7. Nc3 e5 {preventing possible
breakthrough d3-d4 in the future.} ({Another option to develop the knight is} 
7... Nh6 8. Be3 f6 9. d4 (9. O-O e5 10. a3 a5 (10... O-O 11. b4 cxb4 12. axb4
Nf7 13. Nd2 f5 14. f3 Be6 15. Qe2 Qe7 16. Ra4 Rad8 17. Rfa1 Rd7 18. b5 c5 19.
Nc4 Rb7 20. Bf2 f4 $15 {1/2-1/2 Kabanov,N-Arutunian,D/Yerevan ARM 2000/The
Week in Chess 308 (56)}) 11. Na4 Rb8 12. b4 cxb4 13. axb4 b5 14. Nc5 a4 15. d4
Nf7 16. Qe2 O-O 17. c4 Nd6 18. Rfd1 $14 {1-0 Rublevsky,S-Iskusnyh,S/St
Petersburg 1999/CBM 71 (71)} Qe7 19. cxb5 cxb5 20. dxe5 fxe5 21. Bg5 $16 {
1-0 Rublevsky,S-Iskusnyh,S/St Petersburg 1999/CBM 71 (71)}) 9... cxd4 10. Nxd4
Bd7 11. Qe2 e5 12. Nf3 Nf7 13. O-O Qe7 14. a4 $1 {[%csl Rc5][%cal Ga4a5]} O-O
15. a5 b5 16. Nd2 Nd8 17. Nb3 Ne6 18. Rfd1 Rfc8 19. f3 Be8 20. Qf2 $14 {
1-0 Svidler,P-Kramnik,V/Wijk aan Zee 1999/CBM 68 ext (42)}) 8. Be3 {This move
saves the aggressive option of the long castle. White has tried also} (8. O-O
Ne7 9. a3 {[%csl Rg7][%cal Gb2b4]} a5 10. Nh2 (10. b3 $5 O-O 11. Bb2 Qd6 12. a4
f6 13. Nd2 Be6 14. Ne2 Bh6 15. Nc4 $14 {[%cal Gb2c1] 1/2-1/2 Glek,I-Kishnev,S/
Recklinghausen 1999/EXT 2000 (60)}) 10... O-O 11. f4 exf4 12. Bxf4 f5 13. Kh1 {
1/2-1/2 Golubovic,B-Jelen,I/Nova Gorica 1998/EXT 99 (13)}) (8. a4 {1/2-1/2
Kovalevskaya,E-Chernyshov,K/St Petersburg 2000/CBM 76/[Avrukh,B] (53)}) 8...
Ne7 {The disadvantage of this develop of knight, that it can't be transfered
easily to d4.} ({Black still has possibility to develop the knight to f6 after
} 8... Qe7 {1-0 Bezold,M-Wells,P/Pulvermuehle 2000/CBM 75/[Wells] (31)}) 9. a3
{After black closes the center with e7-e5, white's typical idea in this
position is to realize the breakthrough on the queenside through b2-b4.} ({
Logical alternative to the move in the game is} 9. Qd2 {with the plan of a
long castle.} h6 10. g4 (10. Nh2 Be6 11. O-O-O Qd7 12. Kb1 O-O-O 13. Qe2 f5 14.
exf5 gxf5 15. f4 Rhe8 16. Qd2 Qb7 $5 {[%cal Gb7a6]} 17. fxe5 Bxe5 {1/2-1/2
Adams,M-Kramnik,V/Las Vegas 1999/CBM 72 (17)}) 10... Be6 11. O-O-O Qd7 12. Rhg1
O-O-O $11 {1-0 Nisipeanu,L-Halkias,S/4th IECC, Istanbul TUR 2003 (52)}) 9... a5
{Of course black prevents from white to develop the initiative on the
queenside.} 10. O-O a4 $146 {According to my database, this position appeared
for the first time. Black is "freezing" the queenside and intends to play on
another side of board. In the previous games black continued} (10... f5 $6 {
1/2-1/2 Sandipan,C-Bu Xiangzhi/Qingdao 2002/CBM 91/[Rabinovich,Al] (23)}) (
10... h6 11. Na4 (11. Qd2 $5 {[%csl Rh6]}) 11... Rb8 12. Qd2 f5 13. exf5 Nxf5
14. b4 axb4 15. axb4 e4 16. Rae1 O-O 17. dxe4 Nxe3 $11 {1/2-1/2 Peng
Xiaomin-Ni Hua/Shanghai 2001/CBM 85 (28)}) 11. Nh2 {White didn't succeed to
provide b2-b4 on the queenside, so he prepares the breakthrough on the
kingside- f2-f4.} h6 {preventing from white the option of trading the
dark-squared bishops on h6.} (11... O-O 12. Qd2 {[%cal Ye3h6]}) 12. h4 $6 {
White intends at the some moment to play h4-h5 in order to weaken black's king
position. But, on the other hand, he robes from himself the option of the
breakthrough f2-f4. So this move is very responsible, and I'm not sure, that
it isn't mistake.} ({Comes to consideration:} 12. Qd2 {preventing the castle.})
({White doesn't get anything special after} 12. f4 exf4 13. Bxf4 f5 {, but,
also doen't get a worse position as it happened in the game.} (13... O-O $5 {
[%cal Yf7f5]})) 12... O-O 13. Qd2 ({After} 13. h5 {black can reply with} f5 $1
{[%cal Gf5f4]}) 13... Kh7 14. h5 $6 {White gives black the pawn, but it isn't
so clear what he will get as compensation for it. But if not to play this move,
what to do? The possibility of f2-f4 is not recommended anymore. Overmore,
black was ready to realize the breakthrough f7-f5...} gxh5 15. f4 f5 16. fxe5
Ng6 17. Rf2 (17. Rae1 Nxe5 18. exf5 Bxf5 $15) 17... Qe7 18. Raf1 Qxe5 19. Nf3
Qg3 {[%cal Yf5f4]} 20. exf5 (20. Nh2 fxe4 21. Nxe4 (21. Rxf8 Nxf8 22. Nxe4 Qg6
$15) 21... Rxf2 22. Rxf2 Qe5 $15) 20... Bxf5 $15 {Black is a pawn up, he has a
pair of powerful bishops, but his advantage is not too big, due to doubeld
pawns on the "h" and "c" files.} 21. Ne2 (21. Nh2 Be6 22. Rxf8 Nxf8 $15 {
[%cal Gg7e5]}) 21... Qd6 22. Ng5+ $6 (22. Nc3 $142) 22... hxg5 23. Rxf5 Rae8 (
23... Bxb2 24. Rxg5 Rxf1+ 25. Kxf1 Qf6+ 26. Kg1 Bxa3 27. Rxh5+ Kg8 28. c3 {
and the position is not so clear, due to vulnerable position of the black king.
}) 24. Rxf8 $2 {White has more chances after} (24. Rxg5 $142 Rxf1+ 25. Kxf1 Qh2
$15 {[%cal Gg7h6,Gg7b2]}) 24... Rxf8 25. Rxf8 Qxf8 $17 {Now black is a whole
pawn up without any compensation for white.} 26. Bxg5 $6 (26. c3 g4 27. Ng3 h4
28. Ne4 Be5 $17) 26... Bxb2 27. c3 (27. Nc3 Qf5 $19) (27. Ng3 h4 28. Ne4 Bd4+ {
[%cal Gf8f1]} 29. Be3 Qf4 30. Bxd4 Qxd2 31. Nxd2 cxd4 $19) 27... Bxa3 $19 {
After black eliminated two white pawns on the queenside, he is ready to push
forward his passed pawn "a", which promises him a decisive advantage.} 28. Ng3
(28. Qa2 c4 29. Qxc4 Qc5+ $19 {[%csl Ga4]}) 28... c4 29. Ne4 (29. Nxh5 Be7 30.
d4 a3 $19) 29... Bc5+ 30. d4 Be7 31. Qe2 (31. Be3 Qf5) 31... Bxg5 32. Qxh5+ (
32. Nxg5+ Kh6 $19) 32... Kg7 33. Nxg5 Qe7 {White is hopeless agaist the moving
of the black's "a" pawn. The rest is a matter of an easy technique for black.}
34. Kh2 a3 35. Qh7+ Kf6 36. Qh6 Kf5 (36... a2 37. Nh7+ Qxh7 38. Qxh7 a1=Q $19)
37. Nf3 (37. Nh3 a2 38. g4+ Kf6 39. Nf4 Qe4 $19) 37... a2 38. g4+ (38. Qh5+ Kf6
39. Qg5+ Kg7 $19) (38. Qc1 Qe4 $19) 38... Kxg4 39. Qxg6+ Kxf3 40. Qg2+ Ke3 41.
Qxa2 Qh4+ 42. Kg2 Qg4+ 0-1

[Event "Bundesliga 0405"]
[Site "Germany"]
[Date "2005.03.13"]
[Round "13.7"]
[White "Tischbierek, Raj"]
[Black "Ellers, Holger"]
[Result "1-0"]
[WhiteElo "2477"]
[BlackElo "2407"]
[Annotator "Erenburg,S"]
[PlyCount "75"]
[EventDate "2004.11.12"]
[EventType "team-tourn"]
[EventRounds "15"]
[EventCountry "GER"]
[SourceTitle "CBM 106"]
[Source "ChessBase"]
[SourceDate "2005.06.06"]
[SourceVersion "1"]
[SourceVersionDate "2005.06.06"]
[SourceQuality "1"]
[WhiteTeam "Kreuzberg"]
[BlackTeam "Wattenscheid"]
[WhiteTeamCountry "GER"]
[BlackTeamCountry "GER"]

1. e4 c5 2. Nf3 Nc6 3. Bb5 g6 4. O-O Bg7 5. c3 Nf6 6. Qa4 $5 {This awkward
move has its point. White not only protects his central pawn, but also wants
to prevent the advance of black's "d" pawn by attacking the Nc6. Other
possibilities are:} (6. Re1 {---> 1-0 Rozentalis,E-Nataf,I/Montreal 2003/CBM
97_01/[Erenburg] (29)}) (6. e5 {---> 0-1 Vydeslaver,A-Fressinet,L/Rethymnon
2003/CBM 98/[Erenburg] (40)}) 6... Qb6 {More popular continuation is 6...0-0.}
(6... O-O 7. d4 cxd4 8. cxd4 {1/2-1/2 Svidler,P-Gelfand,B/Rethymnon 2003/CBM
98/[Erenburg] (30)}) 7. Re1 ({After} 7. e5 {white didn't get anything special:}
Nd5 8. d4 cxd4 9. cxd4 d6 10. Nc3 Be6 11. exd6 exd6 12. Ne4 O-O 13. Bxc6 Qxc6
14. Qxc6 bxc6 15. Nxd6 Nb4 $11 {1/2-1/2 Wells,P-Shaw,J/Scarborough 2001/CBM 83
ext (20)}) 7... a6 {driving away the light-squared bishop from b5.} (7... O-O {
---> 0-1 Hasangatin,R-Smirnov,P/Sochi 2004/CBM 101/[Postny] (25)}) 8. Bf1 $1
$146 {According to my database, this position appeared for the first time. In
a previous game white continued} (8. Bxc6 {, but didn't succeed to get an
advantage:} Qxc6 9. Qxc6 dxc6 10. d4 cxd4 11. cxd4 O-O 12. h3 Be6 13. Nc3 Rfd8
$11 {1-0 Popovic,D-Bogosavljevic,B/Sombor 2004/CBM 102 ext (57)}) 8... e5 $6 {
trying to close the centre, thus, to prevent white's breakthrough d2-d4.} ({
I would recommend normal} 8... d6 $5 9. e5 (9. d4 cxd4 10. cxd4 Bd7 11. Qd1 Bg4
12. d5 Ne5 $11) 9... dxe5 10. Nxe5 Bd7 11. Nxd7 Nxd7 12. d3 O-O 13. Nd2 $14 {/=
}) 9. d4 $1 {The most principled continuation. Black's monarch is still in the
centre, therefore, white opens up the game, sacrificing a pawn.} cxd4 ({After} 
9... exd4 {white replies with} 10. e5 $1 {and white's initiative is dangerous:}
(10. cxd4 Nxd4 11. Nxd4 cxd4 12. e5 Nd5 13. Nd2 O-O $13) 10... Ng4 11. h3 Nh6 (
11... Ngxe5 12. Nxe5 $16 {[%cal Yf2f4]}) (11... dxc3 12. Nxc3 $18 {[%cal Yc3d5]
}) 12. cxd4 Nxd4 13. Nxd4 cxd4 14. Nd2 $14 {[%cal Yd2c4]}) 10. cxd4 exd4 (10...
Nxd4 {is met by} 11. Nxe5 $16) 11. Bf4 $1 {intending to occupy the d6 square,
that will freeze black's queenside development.} O-O ({White gets a sufficient
compensation after} 11... Qxb2 12. Na3 Ng4 13. Bg3 (13. Nc4 Qxf2+ 14. Kh1 O-O
15. Bg3 (15. Nb6 {[%cal Yf4g3]} d3 16. Nxa8 Qa7 $17) 15... b5) 13... Qb4 (13...
d3 14. Nc4 b5 15. Nxb2 bxa4 16. e5 $14) 14. Qxb4 Nxb4 15. Bd6 $44 (15. Nc4 $5))
12. Bd6 Re8 (12... Nxe4 {loses in view of} 13. Rxe4 Qxb2 14. Bxf8 Bxf8 15. Re8
Kg7 16. Rxf8 Qxa1 17. Qa3 Qxb1 18. Ng5 Qf5 19. Rxf7+ $18) 13. Nbd2 {completing
the development. In opposite, black faces serious problems to join his
queenside pieces to the game.} Qd8 $6 ({Black doesn't equalize after} 13...
Qxb2 14. Rab1 Qc3 15. e5 (15. Rbc1 $5 Qb2 16. Bd3 $13) 15... Ng4 16. Ne4 Qa5
17. Qxa5 Nxa5 18. h3 Nxe5 19. Nxe5 Rxe5 20. Nf6+ Bxf6 21. Bxe5 $14) 14. Bc4 $44
{[%cal Ya4b3] White's pieces are extremely active. He is ready to attack the
f7 pawn, and all these advantages he has got only for a pawn!} Ng4 {preparing
the f6 square for the queen, and covering the g5 square.} 15. Qb3 Qf6 16. e5 $1
{White has more pieces than black, that take part in the game... Therefore, he
opens up the game.} Ngxe5 (16... Qf5 {isn't better:} 17. Bd3 Qe6 18. Qc2 h6 19.
Nb3 Ngxe5 20. Bxe5 Bxe5 21. Nxe5 Nxe5 22. f4 $18) 17. Nxe5 Nxe5 18. Bxe5 Rxe5
19. Rxe5 Qxe5 20. Bxf7+ Kh8 21. Nc4 {bringing the knight to b6 with the tempo.}
Qe7 {Black doesn't survive after the following continuation as well:} (21...
Qc7 22. Qb6 Qxb6 (22... Be5 23. f4 $18 Bxf4 24. Qf6#) 23. Nxb6 Rb8 24. Re1 $18)
(21... Qf4 22. Nb6 (22. Re1 Bf8 23. Nb6 Rb8 {-23.Re1 line.}) 22... Rb8 23. g3 (
23. Re1 Bf8 24. Qc2 d5 $13 (24... Qxf7 25. Qc7 $18)) 23... Qe5 24. Rc1 d3 25.
Qxd3 Qxb2 26. Re1 Bd4 27. Qf3 Kg7 (27... Qxb6 28. Re8+ Kg7 29. Rg8+ Kh6 30.
Qf4+ Kh5 31. Qh4#) 28. Bb3 $18) 22. Nb6 Rb8 23. Rc1 {attacking the bishop.} d5
({Probably, the best chance was} 23... Qg5 24. Re1 (24. Qc2 d3) 24... Be5 25.
g3 $16 {[%cal Rb3c4,Yf2f4] /+-}) {[%tqu "En","Please enter the strongest move
for white.","","","b3g3","",10]} 24. Qg3 $1 {forcing black to close the "e"
file for the queen. Thus, white wins a bishop.} Be5 ({Doesn't change anything:
} 24... Qe5 25. Qxe5 Bxe5 26. Rxc8+ Rxc8 27. Nxc8 d3 28. Kf1 $18) 25. Nxc8 Qf6
26. Qf3 $18 {White is a piece up without compensation from the black side. The
rest is an easy job for white.} Qxf3 27. gxf3 d3 28. Nb6 Bd4 29. Na4 ({Less
precise is} 29. Nxd5 Rf8 30. Be6 Re8 31. Rc4 $16) 29... b5 30. Nc3 b4 31. Na4
Kg7 32. Bxd5 Rd8 33. Be4 d2 34. Rd1 {Black's pawn is blocked, and now white is
going to capture it.} Ba7 (34... Be5 35. Nc5 Rc8 36. Nd3 Bf4 37. Kf1 $18) 35.
Kf1 Bb8 36. Ke2 Bf4 37. Nc5 Rd6 38. Nd3 1-0

[Event "Los Angeles"]
[Site "Los Angeles"]
[Date "2003.08.24"]
[Round "7"]
[White "Becerra Rivero, Julio"]
[Black "Taylor, Timothy"]
[Result "1-0"]
[WhiteElo "2569"]
[BlackElo "2401"]
[Annotator "Erenburg,S"]
[PlyCount "71"]
[EventDate "2003.08.18"]
[EventType "tourn"]
[EventRounds "9"]
[EventCountry "USA"]
[EventCategory "10"]
[SourceTitle "CBM 097"]
[Source "ChessBase"]
[SourceDate "2003.11.11"]
[SourceVersion "1"]
[SourceVersionDate "2003.11.11"]
[SourceQuality "1"]

1. e4 c5 2. Nf3 Nc6 3. Bb5 g6 4. O-O Bg7 5. Re1 e5 6. Bxc6 bxc6 7. b4 {
Interesting sacrifise, whose idea is to take control over the center with the
breakthrough d2-d4. More popular continuations you can see from two following
commented games:} (7. d3 {1-0 Faerman,I-Afek,Y/Israel 1996/CBM 58/[Tyomkin,D] 
(34)}) (7. c3 {1-0 Spasov,V-Ivanovic,B/Niksic 1991/CBM 24/[Blatny,P] (49)})
7... cxb4 8. Bb2 $5 {White prefers immediate attack of the e5 pawn to typical}
(8. a3 {See annotated game  1-0 Fischer,R-Spassky,B/Belgrade 1992/CBM 31/
[Ftacnik] (41)}) 8... d6 9. d4 f6 $146 {According to my database this position
appeared for the first time. In the previous games black tried} (9... Ne7 10.
dxe5 O-O 11. a3 c5 12. Qc1 dxe5 13. Nxe5 Be6 14. Nd3 Bxb2 15. Qxb2 $14 {
1-0 Khamatgaleev,A-Ziogas,P/Patras 2002/CBM 89 ext (27)}) (9... exd4 10. Bxd4
Nf6 11. e5 (11. a3 $5) 11... dxe5 12. Nxe5 Be6 13. Nxc6 Qd6 14. Qf3 O-O $11 {
0-1 Frank,A-Sarakauskas,G/Leuven 2002/EXT 2003 (24)}) 10. a3 Ne7 {Black gives
the pawn back, while, more principal was to save the material advantage and to
try to neutralize white's initiative:} (10... bxa3 11. Nxa3 {[%cal Ya3c4]} ({
Worse is} 11. Bxa3 Bg4 $1) 11... Ne7 (11... Bg4 $6 12. Nc4 Ne7 (12... Bxf3 13.
Qxf3 Ne7 14. dxe5 {[%cal Ga1d1]}) 13. dxe5 dxe5 14. Nd6+ Kf8 15. Ba3 $44) 12.
Nc4 O-O (12... Be6 13. dxe5 dxe5 14. Nd6+ Kf8 15. Ba3 $44 (15. Ra6 $5 {[%cal
Gb2a3]})) 13. Ba3 Be6 (13... d5 14. exd5 cxd5 15. dxe5 $16) (13... c5 14. dxe5
(14. dxc5 d5) 14... fxe5 15. Qxd6 $14) 14. Nxd6 Qc7 $14) 11. axb4 O-O 12. c4
$14 {White can be satisfied with the results of the opening. He has got a
space advantage, his pawn structure is slightly better, also his pieces will
occupy more active positions. Black can't compensate these white's
achievements by a pair of bishops, as they are quite passive.} g5 $6 {The
beginning of the wrong plan. Except of additional weaknesses, black is going
to get, this move doesn't promise anything. Black can start pushing forward
the "g" pawn only if white has some weakness on the kingside, for example the
pawn on h3.} ({Better was to complete the development with} 12... Bg4 13. Nbd2
$14) 13. c5 $5 (13. Qb3 {comes to consideration.}) 13... g4 14. Nfd2 Be6 15.
Na3 $5 d5 {As black has a pair of bishops he aspires to open the game with
this breakthrough.} (15... dxc5 {didn't equalize, in view of} 16. bxc5 $1 exd4
17. Ndc4 $14 {[%cal Gc4d6]}) 16. exd5 Nxd5 ({Deserved attention:} 16... Qxd5
17. Ndc4 (17. dxe5 fxe5 18. Nac4 (18. Ndc4 Ng6 19. Nxe5 (19. Ne3 $5 $14) 19...
Nh4 $1 $132) 18... Ng6 19. Ne3 Qd7 $13) 17... Ng6 18. Ne3 Qd7 19. Nac4 $14) 17.
Nc2 {White had another two interesting possibilities:} (17. dxe5 fxe5 (17...
Nxb4 18. exf6 Bxf6 19. Rxe6 Bxb2 20. Rd6 $18 {[%cal Gd1b3]}) 18. Bxe5 Bxe5 19.
Rxe5 Qf6 $132 {[%cal Gd5b4,Gf6f2,Yf6e5]}) (17. Ndc4 Nxb4 18. Nd6 {[%cal Gd4e5]}
f5 19. dxe5 f4 $13 {[%cal Yb4d5]}) 17... Qb8 $2 {missing more attractive
continuation:} (17... Nf4 $1 $13 {[%cal Gf4d3]}) 18. dxe5 fxe5 19. Nc4 $16 {
Black cannot hold the pressure, as he has too many weaknesses. As the result,
he is going to lose material.} Nxb4 ({The attempt to save the central pawn e5
doesn't make black's life easier:} 19... Rf5 20. Qxg4 Nxb4 (20... h5 21. Qg3 h4
22. Qg4) 21. Nd4 exd4 (21... h5 22. Qe2) 22. Bxd4 Qf8 (22... Rf7 23. Rxe6 Qf4
24. Re4 Qxg4 25. Rxg4 Nc2 26. Rxg7+ Rxg7 27. Bxg7 Nxa1 28. Bxa1 Rb8 29. Nd2 $1
$18) 23. Rxe6 Nc2 24. Bxg7 Qxg7 25. Qxg7+ Kxg7 26. Ra2 $16) 20. Bxe5 Qb5 {
losing the exchange.} ({More resistant was} 20... Bxe5 21. Rxe5 (21. Nxe5 Nxc2
22. Qxc2 Qc7 $16) 21... Rf6 $1 (21... Bxc4 22. Rg5+ Kf7 23. Qd7+ Kf6 24. Qg7+
Ke6 25. Nd4#) 22. Nd6 $16 {/+-} (22. Rg5+ Kh8 23. Qd4 Qf4 $16)) 21. Bxg7 Qxc4 (
21... Kxg7 22. Qd4+ $18) 22. Na3 Qd5 23. Bxf8 Rxf8 24. Qxd5 $18 Bxd5 25. Red1 {
White is exchange up without any compensation from the black's side. White's
plan is very simple: to win the a7 pawn, thus, increasing the material
advantage.} a5 26. Nb1 Re8 27. Nc3 Bf7 28. Rxa5 {After white takes this pawn,
black hasn't any chance, so the rest is an easy job for white.} Nd3 29. h4 Bg6
30. Ra6 Re6 31. h5 Bf5 32. Ra7 Rf6 33. Rd2 Nxc5 34. Rd8+ Rf8 35. Rxf8+ Kxf8 36.
Ra5 1-0